Analýza výkonnosti vybraného odvetvia na primárnom dlhopisovom trhu bakalárska práca

Enregistré dans:
Détails bibliographiques
Auteur principal: Rudášová, Ivana
Collectivité auteur: Podnikovohospodárska fakulta EU so sídlom v Košiciach. Katedra finančného riadenia podniku
Autres auteurs: Tkáč, Michal, 1958-
Format: Livre
Langue:slovaque
Publié: Košice 2023
Tags: Ajouter un tag
Pas de tags, Soyez le premier à ajouter un tag!

MARC

LEADER 00000nbm a2200000 4500
001 0294448
005 20240627084841.7
041 0 |a slo 
044 |a SK 
245 1 0 |a Analýza výkonnosti vybraného odvetvia na primárnom dlhopisovom trhu  |b bakalárska práca  |c Ivana Rudášová ; školiteľ: Michal Tkáč 
264 1 |a Košice  |c 2023 
300 |a 50 s. 
100 1 |a Rudášová, Ivana 
700 1 |a Tkáč, Michal, 1958- 
710 2 |a Podnikovohospodárska fakulta EU so sídlom v Košiciach. Katedra finančného riadenia podniku